Stanovenie vitamínov vo výživových doplnkoch
Uložené v:
| Hlavný autor: | |
|---|---|
| Ďalší autori: | |
| Médium: | Rukopis Kniha |
| Jazyk: | Slovak |
| Vydavateľské údaje: |
2024
|
| Predmet: | |
| On-line prístup: | http://is.stuba.sk/zp/portal_zp.pl?podrobnosti=177296 |
| Tagy: |
Žiadne tagy, Buďte prvý, kto otaguje tento záznam!
|
MARC
| LEADER | 00000ntm a22000003a 4500 | ||
|---|---|---|---|
| 001 | stuzp99406 | ||
| 003 | SK-STU | ||
| 005 | 20240601210732.3 | ||
| 007 | ta | ||
| 008 | 150427s2015----xo-----f-mn---000-0-slo-d | ||
| 040 | |a STU |b slo | ||
| 041 | 0 | |a slo | |
| 100 | 1 | |a Šimeková, Simona |u 041000 |4 aut |U FCHPT Fakulta chemickej a potravinárskej technológie |T FCHPT Ústav analytickej chémie |X 97507 |U C1000 |Y 99 |7 97507 | |
| 242 | 0 | 1 | |a Determination of vitamins in nutritional supplements |y eng |
| 245 | 1 | 0 | |a Stanovenie vitamínov vo výživových doplnkoch |
| 260 | |c 2024 | ||
| 650 | 4 | |a vitamín C |2 slo | |
| 650 | 4 | |a slnečnicový lecitín |2 slo | |
| 650 | 4 | |a vitamín B9 |2 slo | |
| 650 | 4 | |a vitamín B12 |2 slo | |
| 650 | 4 | |a voltampérometria |2 slo | |
| 650 | 4 | |a vitamin C |2 eng | |
| 650 | 4 | |a vitamin B9 |2 eng | |
| 650 | 4 | |a vitamin B12 |2 eng | |
| 650 | 4 | |a sunflower lecithin |2 eng | |
| 650 | 4 | |a voltammetry |2 eng | |
| 700 | 1 | |a Blaškovičová, Jana |u 041180 |k Z1 |4 ths |U FCHPT Ústav analytickej chémie |T FCHPT Oddelenie analytickej chémie |X 66699 |U C1180 |Y 108 |7 A0000066699 | |
| 856 | 4 | |u http://is.stuba.sk/zp/portal_zp.pl?podrobnosti=177296 | |